000 00443nam a22001697a 4500
999 _c1618
_d1617
005 20210901142220.0
008 160524b xxu||||| |||| 00| 0 eng d
020 _a978-0-07-066691-7
041 _aeng
082 _b4773
_a657
100 _aRamachandran, N. Kakani, Ram Kumar
_91187
245 _aFinancial Accounting for Management
260 _aNew Delhi
_bAcademic Faundation
300 _a618
650 _aManagement
_9241
942 _cBK